000 00562nam a2200193 4500
001 198746
090 _a198746
100 _a20251031 pory50
200 _aA intenção filosófica
_fJoseph Vialatoux
_gtradução Gustavo de Fraga
210 _aCoimbra
_cAlmedina 1982
215 _a129, [2] p.
_cbrochado
_d19 cm
225 _aAlmedina
_h26
606 _932
_aFilosofia
675 _a1
_vPT
_zpor
700 _914664
_aVialatoux
_bJoseph
_f1880-1970
702 _914665
_aFraga
_bGustavo
_f1922-2003
801 _aPT
_bBMMN
_gRPC
830 _cVanda
990 _cLIVROS